01185nam a2200301Ia 4500001001100000003000800011006001900019007001500038008004100053020001500094020002200109040002100131035002000152050002200172100001900194245011400213250002200327260004500349300002200394504006600416533015200482650003400634655002900668700002700697710001700724856012500741999001700866ebr5002092CaPaEBRm u cr cn|||||||||960408s1995 enka sb 001 0 eng d z0415001641 z0415116716 (pbk.) aCaPaEBRcCaPaEBR a(OCoLC)7076708714aS429b.I73 1995eb1 aIsager, Signe.10aAncient Greek agricultureh[electronic resource] :ban introduction /cSigne Isager and Jens Erik Skydsgaard. a1st paperback ed. aLondon ;aNew York :bRoutledge,cc1995. ax, 234 p. :bill. aIncludes bibliographical references (p. 206-223) and indexes. aElectronic reproduction.bPalo Alto, Calif. :cebrary,d2013.nAvailable via World Wide Web.nAccess may be limited to ebrary affiliated libraries. 0aAgriculturezGreecexHistory. 7aElectronic books.2local1 aSkydsgaard, Jens Erik.2 aebrary, Inc.40uhttp://site.ebrary.com/lib/rucke/Doc?id=5002092zAn electronic book accessible through the World Wide Web; click to view c16351d16351